[Event "Berkeley East Bay CC"]
[Site "Berkeley"]
[Date "2005.04.03"]
[Round "7"]
[White "Atalik, Suat"]
[Black "Roussel Roozmon, Thomas"]
[Result "1/2-1/2"]
[WhiteElo "2560"]
[BlackElo "2425"]
[Annotator "Atalik,S"]
[PlyCount "73"]
[EventDate "2005.03.29"]
[EventType "tourn"]
[EventRounds "10"]
[EventCountry "USA"]
[EventCategory "9"]
[SourceTitle "CBM 107"]
[Source "ChessBase"]
[SourceDate "2005.08.01"]
[SourceVersion "1"]
[SourceVersionDate "2005.08.01"]
[SourceQuality "1"]

1. d4 Nf6 2. c4 e6 3. Nf3 b6 4. Nc3 Bb7 5. Bg5 $5 Be7 6. e3 Ne4 $6 {This looks
like a risky line.} (6... h6 7. Bh4 Ne4 8. Nxe4 Bxh4 (8... Bxe4 9. Bg3 O-O 10.
Bd3 Bxd3 11. Qxd3 d6 12. e4 Nd7 13. O-O a5 $14) 9. Bd3 Be7 10. Qb3 $1 {This
move is designed against black's c5.} d6 11. O-O-O Nd7 12. h4 $13) 7. Nxe4 Bxe4
8. Bf4 $1 {A very important move.} O-O (8... Bb4+ 9. Nd2) 9. Bd3 Bb4+ $5 (9...
Bxd3 10. Qxd3 d6 11. e4 Nd7 12. O-O $14) 10. Kf1 $1 {It took me some time to
understand which square is better to set my king up.} (10. Ke2 $6 {is not good.
So I had to lose some tempi to connect my rooks.} f5 $1 (10... Bxf3+ $5 11.
gxf3 Be7 (11... f5 12. c5 bxc5 13. a3 c4 14. Bxc4) 12. h4 (12. Qc2 f5 13. Rag1
Nc6 14. a3 $13) 12... f5 $13) 11. h4 (11. c5 bxc5 12. a3 c4 13. Bxc4 Bd6 14.
Bxd6 cxd6 $132) 11... Bd6 $132) 10... Bxd3+ 11. Qxd3 Be7 12. h4 $1 {I have
shown some signs of an attacking player!} d6 (12... f5 13. Ke2 Nc6 14. a3 $16)
13. Ng5 $1 {No time to waste!} (13. Ke2 $6 Nd7 14. g4 c5 15. g5 cxd4 16. exd4
b5 $1 $40) 13... g6 14. Nf3 $1 {This the real attacking scheme.} (14. Nxh7 $2
Kxh7 15. h5 Rh8 16. hxg6+ Kg7 17. Ke2 fxg6 18. Qe4 Na6 19. Qxe6 Bh4 $1 20. Rh2
Qe8 21. Qg4 Be7 22. Rah1 Rxh2 23. Rxh2 Qf7 24. Kd2 (24. Qh3 Bf6 (24... Qxc4+
25. Kd2 Qd5 26. Qh7+ Kf6 27. g4 Nc5 $1 $13) 25. Qh6+ Kg8 26. Bg5 $1 Re8 (26...
Qxc4+ $2 27. Kd2) 27. Qh4 $44) 24... Bf6 25. Qh3 Kf8 26. b3 $44) (14. Qe4 $6 {
is not really in the spirit of the attack.} Nd7 15. Qc6 e5 $1 16. Bg3 $1 exd4 (
16... Re8 17. Nf3 exd4 18. Nxd4 Nf6 $36) 17. exd4 Re8 18. Nf3 Nf6 19. Re1 Bf8
20. Rxe8 Qxe8 21. Qxe8 Rxe8 22. Bf4 $11) 14... h5 $2 ({There was no need to
panick!} 14... Nd7 15. Bh6 Re8 16. h5 Bf6 (16... g5 $5 17. e4 c5 18. Rd1 $13)
17. e4 c5 18. hxg6 hxg6 19. Be3 $40) 15. Bh6 Re8 16. g4 $6 {I have decided for
this after a long time.} ({However the exact move order is} 16. Rg1 $1 f5 (
16... Nd7 $2 17. g4 hxg4 18. Rxg4 Bf8 19. Bg5 $18) (16... Bf8 17. Bg5 Be7 18.
g4 hxg4 19. Rxg4 $40) 17. g4 hxg4 (17... Kh7 18. Ng5+ $18) 18. Rxg4 Kf7 {
transposes to the game.}) (16. Ng5 $5 {Yermo} Bf6 17. f4 d5 $1 18. cxd5 Qxd5
$13) 16... hxg4 (16... Bf8 17. Bg5) 17. Rg1 $2 (17. Qe4 $142 Nd7 18. Qxg4 Nf6
19. Qg2 Nh5 20. Ng5 Bf6 21. Rg1 Qe7 22. Qf3 $40) 17... f5 $4 {Black is totally
lost after this.} ({Things were not that clear after} 17... Bf8 $1 18. Bxf8 $5
(18. Bg5 Qd7 19. Nh2 $5 (19. Rxg4 e5 20. Nh2) (19. Qe4 $4 gxf3 20. Qxa8 c6 $19)
19... f5 20. f3 (20. Nxg4 $2 fxg4 21. Qxg6+ Bg7 22. Rxg4 Qf7 $8 23. Bh6 Qxg6
24. Rxg6 Re7 $19) 20... gxf3 21. Nxf3 (21. h5 Qh7 22. Nxf3 Qxh5 23. Kf2 $44)
21... Qh7 22. Bf4 $44) 18... gxf3 19. Bh6 Qf6 20. Bg5 (20. Qe4 $2 Nd7 21. Rg3
e5 22. Rxf3 exd4 23. Qxa8 Rxa8 24. Rxf6 Nxf6 25. exd4 d5 $17) (20. h5 Qf5 21.
Qxf5 exf5 22. hxg6 fxg6 23. Rxg6+ Kh7 24. Rf6 Nd7 $17) 20... Qf5 21. Qxf5 exf5
22. Rg3 Nd7 $11) 18. Rxg4 Kf7 $6 {This has surprised me a lot.} (18... Kh7 19.
Ng5+ Bxg5 20. Bxg5 Qd7 21. Rg3 $40 {and the attack continues.}) 19. h5 $2 {
I had an easier win which I have seen but the text looked even easier.} (19.
Rg2 Rg8 (19... Nd7 20. h5 $18) 20. e4 $1 (20. Ke2 $2 Nd7 21. Rag1 Bxh4 22. Bg5
Bxg5 23. Nxg5+ Ke7 $44 {I did not see how my attack could have continued.})
20... Nd7 21. d5 $18) 19... Rg8 20. hxg6+ Rxg6 21. Rxg6 Kxg6 22. Bf4 $5 {
I have made a real calculation here.} (22. Ke2 $1 {Is it so difficult to enter
this line?} Kxh6 (22... Nd7 23. Rh1) 23. Rg1 Qf8 (23... Nd7 24. e4 $1 (24. Qd1
$2 {Now this one is wrong!} Nf6) 24... Nf8 (24... Qf8 25. Ne5 $18) 25. exf5
exf5 (25... Qe8 26. Qe3+ Kh7 27. Qf4 $18) 26. Qxf5 Qe8 27. Rg8 $18) (23... Qe8
$2 24. d5 Nd7 25. dxe6 Ne5 26. Qxf5 Ng6 27. Qh3+ Kg7 28. Nd4 $18) 24. Qd1 $1 {
However in this position it is the right one.} (24. e4 $2 Qf7) 24... Nd7 25.
Qf1 Nf6 26. Qg2 Ng4 27. Nh2 Qe8 28. Nxg4+ $1 (28. f3 $2 {I have only seen this
one.} Qa4 29. Nxg4+ fxg4 30. Rh1+ Kg7 31. Qxg4+ Kf7 32. Rh7+ Ke8 33. Rh8+ (33.
Qg7 Qxc4+ 34. Kf2 Kd7 35. Qxe7+ Kc8 $11) 33... Kd7 34. Rxa8 Qxc4+ $132) 28...
fxg4 29. Ke1 $3 $18 {I did not see this move at all!Being his queen tide up to
the defence of Ra8 black is lost in all possible ways!} Qg6 (29... Bg5 30. Qxg4
(30. Qh1+ Kg6 31. Rxg4 e5 32. dxe5 dxe5 33. Qg2 Qd8 34. f4 exf4 35. exf4 Qe7+
36. Kf1 $18) 30... Qg6 31. f4) 30. Rh1+ Kg7 31. Qxa8 Qb1+ 32. Ke2 Qc2+ 33. Kf1
$18 {is an example!}) 22... Qh8 23. Ke2 (23. Kg2 $2 {is obviously the wrong
side for white's king.} Qh5 24. Rh1 Qg4+ 25. Bg3 Nd7) 23... Nd7 (23... Qh5 $2
24. Bg5 $5 {is seen by both of us.} (24. Rg1+ Kf7 25. Qd1 Nd7 26. Rh1 Qg4 27.
Qa4 $18) 24... Kf7 25. d5 Bxg5 26. dxe6+ Ke7 27. Qxf5 $18) 24. Rg1+ (24. e4 Qh5
25. Kd2 Kf7 $16 {White keeps some edge but he is not winning at all.}) 24...
Kf7 25. d5 $2 $138 {Another flash of stupidity!} (25. Qd1 $1 Rg8 26. Rh1 Qf6
27. Qa4 $18 {was simple and efficient!}) 25... Qxb2+ 26. Kf1 (26. Nd2 $2 Qf6
27. Bg5 Qg6 28. Nf3 e5 29. Qd1 e4 30. Kd2 exf3 31. Bxe7 Qh7 $17) 26... Qa1+ 27.
Kg2 Qg7+ {I have forgotten about this in my preliminary calculations.} (27...
Rg8+ $2 28. Ng5+ $18) 28. Kf1 (28. Bg5 Bxg5 29. dxe6+ Ke7 30. exd7 Rf8 31. Kf1
Qa1+ $11) 28... Qa1+ 29. Ne1 $2 {I have lost my objectivity once again.
Somebody sober would have taken the draw.} Qf6 (29... Nf6 30. dxe6+ Kxe6 31.
Rg5 Qxa2 32. Qxf5+ Kf7 33. Qg6+ Ke6 $11) 30. Bg5 Ne5 (30... Nc5 31. Bxf6 $1 {
is the best option which is analysed below.} (31. Qd1 $2 Qh8 32. dxe6+ (32. Nd3
Qh3+ 33. Ke1 Qh2 $17) 32... Nxe6 33. Qd5 (33. Bxe7 Qh3+ 34. Ke2 Kxe7 $17) 33...
Qh3+ 34. Ke2 Rg8 35. Nf3 c6 $1 36. Qxc6 Bxg5 $1 (36... Nxg5 $2 37. Qd5+ Kf8 38.
Qa8+ Kg7 39. Nxg5 Qxe3+ 40. fxe3 Rxa8 41. Ne6+ Kf6 42. Nd4 $44) 37. Qxd6 Qh5
38. Qd7+ Kf6 39. Qxa7 $17) 31... Nxd3 32. Bxe7 Nxe1 33. Kxe1 Kxe7 $11) 31. Qd1
$2 {My ambitions went too far.} (31. Bxf6 Nxd3 32. Bxe7 (32. Bc3 Ne5) 32...
Nxe1 33. Kxe1 Kxe7 34. Rg7+ Kf6 35. Rxc7 exd5 36. cxd5 Ke5 37. Rf7 $1 b5 38.
Kd2 a5 39. Kd3 b4 40. f4+ Kxd5 41. Rxf5+ $11) 31... Qh8 $8 (31... Qg6 $2 32.
Bxe7 Ng4 33. Ke2 Qh6 34. Bxd6 cxd6 35. Qa4 Ke7 36. Qa6 $16) 32. dxe6+ Kxe6 33.
Qd5+ Kd7 34. Qb5+ {Getting extremely low on time I have thought that I have
come up with a witty escape operation.} (34. Bxe7 $2 Kxe7 35. Rh1 Qg8 $19) (34.
Rh1 $2 Qg8 $19) 34... Ke6 {He has shown first peaceful signs.} (34... c6 $1 35.
Qa6 Qc8 (35... Bxg5 36. Qb7+ (36. Rxg5 Kc7 $19) 36... Ke6 37. Rxg5 Rg8 $1 38.
Rxg8 Qxg8 39. Qxa7 (39. Nd3 Nxd3 40. Qxc6 Ke5 $3 41. f4+ Nxf4 42. exf4+ Kxf4
43. Qxd6+ Ke4 $19 {with a winning queens endgame!}) 39... Qg4 (39... Nxc4 $2
40. Nd3 $132) 40. Qxb6 Qxc4+ 41. Kg2 Qxa2 42. Qb8 $17) 36. Qa4 (36. Qxc8+ Rxc8
37. Bxe7 Kxe7 38. Rg7+ Kf6 (38... Nf7 39. Rh7 Kf6 40. Nd3 Re8 41. Nb4 Kg6 42.
Rh4 Ne5 43. Rd4 d5 $19) 39. Rxa7 Nxc4 $19) 36... Bxg5 37. Rxg5 Qh8 38. Qc2 Rf8
39. Nd3 $17 (39. Qa4 a5)) 35. Qd5+ Kd7 36. Qb5+ Ke6 37. Qd5+ {Now I have
offered a draw which was expectedly but also stupidly accepted by Thomas. Of
course he had to continue the game} (37. Qd5+ Kd7 38. Qb5+ c6 $1 $17 {with a
clear advantage mentioned above.}) 1/2-1/2

[Event "Biel MTO op"]
[Site "Biel"]
[Date "2006.07.30"]
[Round "6"]
[White "Atalik, Suat"]
[Black "Wohl, Aleksandar H"]
[Result "1-0"]
[WhiteElo "2619"]
[BlackElo "2428"]
[Annotator "Atalik,S"]
[PlyCount "49"]
[EventDate "2006.07.24"]
[EventType "swiss"]
[EventRounds "11"]
[EventCountry "SUI"]
[SourceTitle "CBM 113 Extra"]
[Source "ChessBase"]
[SourceDate "2006.09.14"]
[SourceVersion "1"]
[SourceVersionDate "2006.09.14"]
[SourceQuality "1"]

1. d4 Nf6 2. c4 e6 3. Nf3 Bb4+ 4. Bd2 Be7 $5 {Alex Wohl is known for his
interesting style.} 5. Nc3 O-O 6. Bf4 $5 {After a long thought э have chosen
for the text.} (6. e4 d5 7. e5 Ne4 8. Bd3) (6. Bg5 c5) (6. Rc1 b6 7. g3 Bb7 8.
Bg2) (6. Qc2 {were the alternatives.}) 6... b6 7. e3 Bb7 (7... Nh5 8. Bg3 Bb7
9. Nd2 Nf6 10. Bd3 $1) 8. h3 {Now we are back in Queen's Indian 4.Bf4 line
which was a big time favorite of lateTony Miles who was a great friend of both
players.} d5 9. cxd5 Nxd5 $1 10. Nxd5 Qxd5 $1 {Sacrificing the c7 pawn is
alays a good policy in such positions.} (10... Bxd5 11. Bd3 $16) 11. Bd3 $2 (
11. a3 $142 {is a more cautious move}) 11... c5 $1 ({better than} 11... Qa5+
12. Ke2 c5) 12. e4 (12. dxc5 Rd8) 12... Qd8 $6 (12... Qd7 {is even better.} 13.
dxc5 Rd8 $17) 13. dxc5 Nd7 $1 14. cxb6 Nc5 (14... Bb4+ 15. Kf1 (15. Bd2 $2 Nc5
16. Bc2 Qxb6 17. Bxb4 Qxb4+ 18. Qd2 Qxb2 19. O-O Rfd8 $19) 15... Qxb6 16. a3
Be7 $44) 15. Bc2 Qxb6 16. O-O Ba6 $2 {Alex has become way too ambitious!} (
16... Nxe4 17. Qe2 Nf6 $15 (17... Qxb2 $2 18. Rab1)) (16... Qxb2 17. Be5 Qa3
18. Re1 $11) (16... Bxe4 17. Bxe4 Nxe4 18. Qe2 Nf6 $11) 17. Re1 Rfd8 18. Qb1
Nd3 19. Be3 Qb7 (19... Bc5 $2 20. Bxd3 Bxd3 21. Bxc5 $1 (21. Qc1 Bxe3 22. Qxe3
Qxb2) 21... Qxc5 22. Qc1 $16) 20. Rd1 Nxb2 21. Rxd8+ (21. Rd4 $5) 21... Rxd8
22. Bd4 $1 {The only move which creates difficulties for black.} (22. e5 Nd3 (
22... g6)) (22. Bxa7 Qxa7 23. Qxb2 $11) (22. a4 Nc4 23. Qxb7 Bxb7 24. Bxa7 Na3
$11) 22... Ba3 $2 {A very bad move missing white's next.} (22... Nc4 $1 23.
Qxb7 Bxb7 24. Bxa7 (24. Rc1) 24... Na3 25. Bb3 Bxe4 $11) 23. Qc1 $3 Qb4 $2 {
After the shock Alex blunders.} (23... Rc8 24. Rb1 Bd3 25. Ne1 Bxc2 (25... Qxe4
26. Bxd3) 26. Nxc2 Qxe4 27. Nxa3 Rxc1+ 28. Rxc1 $18) (23... Qb5 $142 24. Rb1
Nc4 25. Qf4 $16) 24. Bxg7 $18 Qb5 25. Be5 $5 {One of white's 3 winning lines.}
(25. Qh6 $18) (25. Bf6 Nd1 26. Qh6 Bf8 27. Qh4 $18) 1-0

[Event "Vladimir op"]
[Site "Vladimir"]
[Date "2002.08.24"]
[Round "9"]
[White "Yevseev, Denis"]
[Black "Atalik, Suat"]
[Result "1/2-1/2"]
[WhiteElo "2546"]
[BlackElo "2551"]
[Annotator "Atalik,S"]
[PlyCount "44"]
[EventDate "2001.08.16"]
[EventType "swiss"]
[EventRounds "9"]
[EventCountry "RUS"]
[SourceTitle "CBM 091"]
[Source "ChessBase"]
[SourceDate "2002.11.12"]
[SourceVersion "1"]
[SourceVersionDate "2002.11.12"]
[SourceQuality "1"]

1. d4 e6 {Trying to take PY out of automatic pilot!} 2. Nf3 Nf6 3. c4 b6 4. a3
Bb7 5. Nc3 g6 $5 6. Qd3 $5 {A weird move which became popular after
Karpov-Romanishin,Biel 1996.} (6. Qc2 $142 $1 {universally accepted to be the
best.} Bxf3 7. exf3 (7. gxf3 Nc6 8. e3 Bg7 9. f4 O-O 10. Bg2 Na5 $1 11. Ne2 d5
12. cxd5 exd5 13. O-O Qd7 14. Bd2 Nc4 15. Bb4 Rfc8 $8 16. b3 Nd6 17. Bxd6 Qxd6
18. Bh3 Nd7 $13) 7... Bg7 8. Be3) 6... d5 7. cxd5 exd5 (7... Nxd5 {is edible
but I prefer the text.} 8. Bg5 Be7 9. Nxd5 Qxd5 $1 (9... exd5 10. Qe3 (10. Bxe7
Qxe7)) 10. Bxe7 Kxe7 11. Qe3 Rc8) 8. g3 $6 {Once again not the most critical.}
(8. Bf4 Be7 9. Rc1 c5 10. e3 O-O $13) 8... Bg7 9. Bg2 (9. Qe3+ Ne4) 9... O-O
10. O-O Ne4 $36 11. Bf4 Nd7 12. Rad1 c5 13. Qb1 Nxc3 $6 {An outproduct of
miscalculation!} (13... cxd4 $6 14. Nxe4 dxe4 15. Nxd4) (13... Qe7 $142) 14.
bxc3 Qe7 15. Rfe1 cxd4 $6 {Mistake after mistake.} (15... Rac8 $142) 16. Nxd4 {
Played automatically and it is bad.} ({After having played my 15th move I have
immediately realised that white could have} 16. Qb4 $1 {up to his sleeve.} Qxb4
17. cxb4 a5 18. Bd6 $1 (18. Nxd4 axb4 19. axb4 Ra4) 18... Rfc8 19. Nxd4 axb4
20. Bxb4 Nc5 21. Nb5 Ne4 $13) 16... Nc5 17. Qb4 Rfd8 18. Nb5 a5 {I have had
enough with the tournament and wanted to force a stupid draw.} (18... Rd7 $15 {
is keeping black's options open.}) 19. Qb1 Rac8 (19... Ne4 20. Bc7 Rdc8 21.
Bxe4 dxe4 22. Bxb6 Bxc3 23. Nxc3 Rxc3 $13 {is unnecessarily risky and asking
for trouble in "Whose (late) Gufeld's bishop is longer?" style.}) 20. Na7 Ra8
21. Nb5 (21. Qxb6 $2 {looks ridiculously greedy.} Na4 22. Qe3 (22. Qxa5 Nxc3
23. Rd3 Nxe2+ 24. Kf1 d4) (22. Qc7 Qxc7 23. Bxc7 Rd7 $19) 22... Qd7 $19) 21...
Rac8 22. Na7 Ra8 {Draw after threefold repetition rule.} 1/2-1/2

[Event "Baden-Baden op"]
[Site "Baden-Baden"]
[Date "2003.07.26"]
[Round "4"]
[White "Atalik, Suat"]
[Black "Aseev, Konstantin N"]
[Result "1-0"]
[WhiteElo "2599"]
[BlackElo "2522"]
[Annotator "Atalik,S"]
[PlyCount "57"]
[EventDate "2003.07.24"]
[EventType "swiss"]
[EventRounds "9"]
[EventCountry "GER"]
[SourceTitle "CBM 096"]
[Source "ChessBase"]
[SourceDate "2003.09.25"]
[SourceVersion "1"]
[SourceVersionDate "2003.09.25"]
[SourceQuality "1"]

1. d4 Nf6 2. c4 e6 3. Nf3 b6 4. a3 Bb7 5. Nc3 d5 6. cxd5 Nxd5 7. Bd2 $5 {
My new style.} Be7 {Believe or not Kostya thought an hour and 10 minutes for
this move.} 8. Qc2 O-O 9. e4 Nxc3 10. Bxc3 c5 11. dxc5 {Everything goes
according to agenda.} bxc5 $5 (11... Bxc5 $6 {This one I have never liked.} 12.
Rd1 Qc7 13. b4 Be7 14. Qb2 $1 f6 (14... Qf4 15. Bd3 $1 Bxe4 16. Bxg7 Rd8 17.
Bh6 $1 $18) 15. Bd3 Rc8 16. Rc1 $14) 12. Rd1 Qc7 $5 ({Probably the text is
better than the more common} 12... Qb6 13. Ne5) 13. Bd3 Nc6 (13... c4 14. Be2
Nd7 $13 {was most likely never tried.}) 14. e5 h6 15. O-O Rfd8 16. Qa4 $1 {
A multi purpose move. The switch of the queen to the other flank or Ba6 are
the main aims of this one.} Bf8 $5 {The choice is very difficult for black.} (
16... Rd7 17. Rd2 (17. Be4 Rad8) (17. Qe4 g6 18. Qf4 Bf8 19. Bc4) (17. Bb1 Rad8
18. Rxd7 Qxd7 19. Qe4 g6 20. Qg4 Kg7 21. Be4 Nd4 $1 $132) 17... Rad8 18. Rfd1
Bf8 19. h4 g6 20. h5 g5 21. Be4 $13 (21. Qe4 Bg7 22. Qh7+ Kf8 23. Be4 g4)) 17.
h4 g6 $2 {Very ambitious. The move fits GM Aseev's style but one should not
forget that it is very difficult to control everything in such cases.} (17...
h5 18. Qe4 g6 $11 {is more or less equal.}) 18. h5 gxh5 {Very risky.} (18... g5
19. Qe4 Bg7 20. Rfe1 $1 (20. Qh7+ Kf8) 20... Ne7 21. Qh7+ Kf8 22. Nd2 (22. Nxg5
$6 Nd5 23. Ne4 Nxc3 24. Nxc3 Bxe5 25. Qxh6+ Bg7 26. Qg5 Qe7 $44) 22... Nd5 23.
Nc4 $1 (23. Be4 $5 Nxc3 24. bxc3 Rxd2 25. Rxd2 Qxe5 26. Rdd1 Bxe4 27. Rxe4 Qxc3
28. Re3 $13) (23. Ne4 Nxc3 24. Nf6 $140 $2 Qc6 $19) 23... Nxc3 24. bxc3 Bd5 25.
Nd6 $16) 19. Qe4 Bg7 20. Qh7+ Kf8 21. Be4 Rxd1 $2 {Too optimistic!
Surrendering the d line is really bad.} (21... Ne7 22. Bxb7 $1 (22. Nd2 $6 Nd5
23. Bxd5 Bxd5 (23... exd5 $2 24. Nb3 $1 $16 {25.e6 or 25.Nc5 are twin threats.}
) (23... Rxd5 $2 24. f4 (24. Ne4 $2 Rxd1 25. Rxd1 Qc6 26. f3 Qa4 $132) 24...
Rad8 25. f5 exf5 26. Rxf5 $18) 24. Ne4 Bxe4 25. Qxe4 $11) 22... Qxb7 23. Nh4 $1
Qb3 $1 (23... Nd5 $2 24. Rd3 Nxc3 25. Rxc3 Rd4 26. f4 (26. Ng6+ $4 fxg6 27.
Rf3+ Qxf3 $1 28. gxf3 Kf7 $19) 26... Qe4 27. Qxe4 Rxe4 28. Rxc5 $16) 24. Rde1
$40) 22. Rxd1 Ne7 23. Bxb7 Qxb7 24. Nh4 $1 $18 {White has a very strong attack.
Rd1 is ready to switch to critical squares like f3 or g3 and Nh4 not only
keeps away Ne7 from f5 and g6 but also may create tactical shots if his
counterpart leaves his post.} Qc7 $6 (24... Nd5 $5 25. Rd3 Nxc3 26. Rxc3 $1 {
This secures the win safely.} (26. bxc3 $5 Qb1+ 27. Kh2 Bxe5+ 28. g3 Rb8 29.
Ng6+ fxg6 30. Rf3+ Ke8 31. Qf7+ (31. Rf7 Bxg3+ 32. Kg2 Qe4+ 33. Kxg3 Qg4+ $11)
31... Kd8 32. Qxe6 Bxg3+ 33. Rxg3 (33. Kg2 $2 Qb7 $1 {defends.}) 33... Qf5 34.
Qd6+ Kc8 (34... Ke8 35. Re3+ $18) 35. Qc6+ Kd8 36. Rf3 $18) 26... Qd5 (26...
Qxb2 27. Ng6+) 27. Rf3 Qd1+ 28. Kh2 Bxe5+ 29. g3 Bxg3+ 30. Kg2 $18) 25. f4 $1 {
Now whites attack get ripe.} Rd8 26. Rd6 {Typical for such cases. Remember the
initiation of the eternal quarrel between Tarrasch and Nimzowitsch.} Nc6 $6 {
This loses quicker and beautifully.} (26... Nd5 27. f5 Nxc3 28. f6 $1 $18) (
26... c4 27. Kh1 $1 $18 {and the attack rolls.} (27. Bb4 $6 a5 28. Rxd8+ Qxd8
29. Bd6 Qb6+ 30. Kh2 Qf2 31. Bxe7+ Kxe7 32. Ng6+ fxg6 33. Qxg7+ Kd8 34. Qf8+
Kc7 35. Qd6+ Kb7 36. Qd7+ Ka8 37. Qc8+ Ka7 38. Qc7+ Ka6 39. Qxc4+ Ka7 $14)) 27.
f5 Nxe5 28. Bxe5 $1 {White is definitely winning now.} Bxe5 29. f6 $1 $18 {
Black can not defend anymore.} (29. f6 $1 Bxf6 30. Ng6+ fxg6 31. Qxc7 $18) 1-0